嵐のシングル - Statistics

General Stats
  • This quiz has been taken 256 times
    15 since last reset
  • The average score is 21 of 75
Answer Stats
発売日 タイトル % Correct
1999年11月3日 A・RA・SHI
90%
2020年7月29日 カイト
70%
2007月9月5日 Happiness
70%
2005年11月16日 WISH
70%
2000年11月8日 感謝カンゲキ雨嵐
60%
2005年3月23日 サクラ咲ケ
60%
2007年2月21日 Love so sweet
60%
2010年5月19日 Monster
60%
2008年6月25日 One Love
60%
2002年10月17日 PIKA☆NCHI
60%
2008年8月20日 truth
60%
2001年8月1日 時代
50%
2002年4月17日 ナイスな心意気
50%
2003年9月3日 ハダシの未来
50%
2008年8月20日 風の向こうへ
50%
2026年5月31日 Five
50%
2014年4月30日 GUTS!
50%
2004年2月18日 PIKA★★NCHI DOUBLE
50%
2000年4月5日 SUNRISE日本
50%
2010年3月3日 Troublemaker
50%
2000年7月12日 台風ジェネレーション-Typhoon Generation-
50%
2001年4月18日 君のために僕がいる
40%
2003年2月13日 とまどいながら
40%
2003年9月3日 言葉より大切なもの
40%
2006年5月17日 きっと大丈夫
40%
2006年8月2日 アオゾラペダル
40%
2002年2月6日 a Day in Our Life
40%
2004年8月18日 瞳の中のGalaxy
40%
2000年4月5日 HORIZON
40%
2009年11月11日 マイガール
30%
2011年11月2日 迷宮ラブソング
30%
2015年5月13日 青空の下、キミのとなり
30%
2015年9月2日 愛を叫べ
30%
2008年11月5日 Beautiful days
30%
2009年3月4日 Believe
30%
2004年8月18日 Hero
30%
2008年2月20日 Step and Go
30%
2007年5月2日 We can make it!
30%
2010年11月10日 果てない空
20%
2012年3月7日 ワイルド アット ハート
20%
2019年9月11日 BRAVE
20%
2017年4月19日 I'll be there
20%
2015年2月25日 Sakura
20%
2019年11月3日 Turning Up
20%
2020年1月24日 Turning Up (R3HAB Remix)
20%
2009年5月27日 明日の記憶
10%
2014年5月28日 誰も知らない
10%
2018年7月25日 夏疾風
10%
2018年10月24日 君のうた
10%
2014年2月12日 Bittersweet
10%
2013年3月6日 Breathless
10%
2013年3月6日 Calling
10%
2009年5月27日 Crazy Moon~キミ・ハ・ムテキ~
10%
2017年11月8日 Doors~勇気の軌跡~
10%
2013年5月29日 Endless Game
10%
2009年7月1日 Everything
10%
2018年2月21日 Find The Answer
10%
2016年5月18日 I seek
10%
2011年2月23日 Lotus
10%
2016年2月24日 復活LOVE
10%
2010年9月8日 Løve Rainbow
10%
2009年3月4日 曇りのち、快晴
0%
2017年6月28日 つなぐ
0%
2019年12月20日 A-RA-SHI : Reborn
0%
2016年5月18日 Daylight
0%
2010年10月6日 Dear Snow
0%
2012年5月9日 Face Down
0%
2020年6月26日 Face Down : Reborn
0%
2020年7月24日 IN THE SUMMER
0%
2020年5月15日 Love so sweet : Reborn
0%
2020年10月30日 Party Starters
0%
2016年9月14日 Power of the Paradise
0%
2010年7月7日 To be free
0%
2020年9月18日 Whenever You Call
0%
2012年6月6日 Your Eyes
0%
No matching quizzes found
Score Distribution
Percent of People with Each Score
Percentile by Number Answered
Your Score History
You have not taken this quiz since the last reset